000 nam a22 a 4500
999 _c1667
_d1667
003 AKMAL
005 20170511121720.0
008 170511s1986 -usa 00 eng d
020 _a0395355265
040 _cAKMAL
082 0 4 _a330 MCK
090 _a330
_bMCK
100 1 _aMckenzie, Richard B.
_93419
245 1 0 _aEconomics /
_cRichard B. McKenzie
260 _aBoston :
_bHoughton Mifflin,
_cc1986
300 0 0 _axxxviii, 847, [32] p. :
_bcol. ill. ;
_c27 cm
504 _aIncludes bibliographical references and index
650 0 _aEconomics
_93229
942 _2ddc
_cBOOK